| 000 | 00881nam a2200229 a 4500 | ||
|---|---|---|---|
| 999 |
_c9543 _d9543 |
||
| 001 | 9543 | ||
| 003 | BD-JhCC | ||
| 005 | 20180320173816.0 | ||
| 008 | 180318s1967 bg |||| ||a| 000 0 ben d | ||
| 035 | _a(BD-JhCC)9543 | ||
| 040 |
_aBD-JhCC _dBD-JhCC |
||
| 041 | _aeng | ||
| 082 |
_a342.973 _bDOR 1967 |
||
| 100 | _aডোরেন, কাল ভ্যান | ||
| 245 |
_aমহাপ্রস্তুতি যুক্তরাষ্ট্রের সংবিধান রচনা ও অনুমোদনের ইতিবৃত্ত / _cকাল ভ্যান ডোরেন, |
||
| 260 |
_aঢাকা : _bখোশরোজ কিতাব মহল, _c1967 |
||
| 300 |
_a443 p. : _c25 cm. |
||
| 650 |
_aConstitution _zUnited States |
||
| 700 | _aবিশ্বাস, মোসলেম আলী (অনুবাদ) | ||
| 942 |
_2ddc _cBK |
||